000 00332nam a22001337a 4500
020 _a0596009208
082 _222
_a005.133
100 _aSierra, Kathy and Bates, Bert.
245 _aHead First Java /
250 _a2nd ed.
260 _aCalifornia,
_bO'Reilly,
_cc2005.
300 _axxxii, 688p. ;
_bill. ;
_c23 cm.
942 _2ddc
_cIT
999 _c2033
_d2033